000 00508nam a2200193Ia 4500
003 IN-BaIIA
008 211028s9999 xx 000 0 eng d
040 _cIIA Library
080 _a524.3
_bCLE
100 _aClerke, Agnes M.
_91130
245 4 _aThe system of the stars
_cAgnes M. Clerke
250 _a2nd ed.
260 _aLondon
_bAdam and Charles Black
_c1905
300 _axvi, 403p.
650 _aSolar system
650 _aStar formation
_91131
650 _aStellar evolution
_91132
942 _cBK
999 _c491
_d491